Deutsche Kanzlerkandidaten - Statistiken

Allgemein
  • Dieses Quiz wurde 137 mal gespielt
  • Das Durchschnittsergebnis liegt bei 33 aus 42
Antwortstatistiken
Antwort % Korrekt
2005 (CDU) Angela Merkel
97%
2009 (CDU) Angela Merkel
97%
2013 (CDU) Angela Merkel
97%
2017 (CDU) Angela Merkel
97%
1976 (CDU) Helmut Kohl
97%
1983 (CDU) Helmut Kohl
97%
1987 (CDU) Helmut Kohl
97%
1990 (CDU) Helmut Kohl
97%
1994 (CDU) Helmut Kohl
97%
1998 (CDU) Helmut Kohl
97%
1949 (CDU) Konrad Adenauer
96%
1953 (CDU) Konrad Adenauer
96%
1957 (CDU) Konrad Adenauer
96%
1961 (CDU) Konrad Adenauer
96%
2021 (SPD) Olaf Scholz
95%
1998 (SPD) Gerhard Schröder
94%
2002 (SPD) Gerhard Schröder
94%
2005 (SPD) Gerhard Schröder
94%
1976 (SPD) Helmut Schmidt
94%
1980 (SPD) Helmut Schmidt
94%
1961 (SPD) Willy Brandt
92%
1965 (SPD) Willy Brandt
92%
1969 (SPD) Willy Brandt
92%
1972 (SPD) Willy Brandt
92%
2021 (Grünen) Annalena Baerbock
91%
2021 (CDU) Armin Laschet
84%
1969 (CDU) Kurt Georg Kiesinger
82%
2017 (SPD) Martin Schulz
76%
1965 (CDU) Ludwig Erhard
75%
2009 (SPD) Frank-Walter Steinmeier
68%
2002 (CSU) Edmund Stoiber
66%
2013 (SPD) Peer Steinbrück
64%
2002 (FDP) Guido Westerwelle
61%
1980 (CSU) Franz Josef Strauß
55%
1994 (SPD) Rudolf Scharping
44%
1990 (SPD) Oskar Lafontaine
41%
1949 (SPD) Kurt Schumacher
37%
1983 (SPD) Hans-Jochen Vogel
29%
1987 (SPD) Johannes Rau
29%
1972 (CDU) Rainer Barzel
29%
1953 (SPD) Erich Ollenhauer
24%
1957 (SPD) Erich Ollenhauer
24%
Keine übereinstimmenden Quizze gefunden
Verteilung der Resultate
Anzahl Personen mit jedem Resultat
Perzentil nach korrekt beantworteten Fragen
Ihre Resultats-Entwicklung
Sie haben dieses Quiz noch nicht gespielt